[Event "Wolverines-Aces"]
[Site "?"]
[Date "2002.02.21"]
[Round "?"]
[White "Jasaitis, Tony"]
[Black "Gazmen, Bert"]
[Result "0-1"]
[WhiteElo "2127"]
[BlackElo "2054"]
[PlyCount "84"]
[EventDate "2002.??.??"]

1. e4 g6 2. d4 Bg7 3. Nc3 d6 4. f4 c6 5. Nf3 5... d5 { } 6. e5 h5 7. Be3 Nh6 8.
Bd3 8... Bg4 { } 9. h3 Bf5 10. Bf2 Bxd3 11. Qxd3 { Black is careful and aware
of White's theme to eventually play g4. Black castling would really be asking
for it.} 11... e6 { } 12. O-O-O Na6 13. Ng5 Nc7 14. Qf3 {
Now g4 is really ready.} 14... Qd7 15. g4 15... O-O-O $1 16. gxh5 gxh5 17. Qxh5
{ Black's excellent Pawn sac has given him plenty of open space and
counterattack down the h-file.} 17... Rdf8 18. h4 Nf5 19. Qg4 19... f6 {
Clearing lines for Queen, Bishop, and Rook, but will e6-Pawn be a problem?} 20.
exf6 Bxf6 21. Qe2 21... Qd6 {
White has some Pawn issues which give Black the initiative.} 22. Kb1 Qxf4 23.
Nxe6 Nxe6 24. Qxe6+ 24... Kb8 { } 25. Rhf1 25... Bd8 {the h-passer isn't scary,
yet...Black clears the f-file so the Rook can participate in the fun.} 26. Bg1
26... Qh6 $1 { Beautiful! The White Queen is hanging so the Knight is safe!} (
26... Qd6 27. Bh2 Qxh2 28. Rxf5 {looks equal}) 27. Bh2+ Bc7 28. Bxc7+ Kxc7 29.
Qe5+ Nd6 30. Qe7+ 30... Kc8 { Once again, the Queen placement at h6 comes in
handy! Got to believe Black had this all worked out when he played 25..Bd8} 31.
Na4 {probably with idea of Nc5 and Qd7+, but Black has a move first:} 31... Re8
{"Hit the road, tramp"} 32. Qf6 (32. Qg5 Qxh4) 32... Re6 $1 { Another strong
move! Black assures the Knight is overprotected while beginning to double
Rooks... whether on e-file or h-, who knows?} (32... Qxh4 $2 33. Qxd6) 33. Qg5
33... Qxh4 { } 34. Rf8+ $1 34... Re8 (34... Rxf8 $4 35. Qxh4) 35. Rxe8+ 35...
Nxe8 { Forced, but best anyway. Keeps Knight safe and introduces backrank
threats. Note how White's Knight missed the bus, stuck in transit. Given a
tempo or two, White would like to get Nc5, Qf5+-d7-b7# in.} 36. Qf5+ Kb8 37.
Nc5 { } 37... Qxd4 $3 {
The Queen is immune (Rh1+, of course) and hits two loose pieces} 38. Nd7+ 38...
Kc7 { Most players would've hid King at a8, but this ties White's Queen down
to the Knight's defence. Note Black's pieces are all protected!} 39. Re1 (39.
Qe5+ {Is possible, but condemns White to a completely defensive position
that's probably lost anyways..}) 39... Nd6 40. Qf6 { } 40... Qd2 $3 {
Again, backrank problems!} 41. Rg1 41... Rg8 $1 {
Key move! Black takes care to cover g7 and g6 (see final position)} 42. Rh1
42... Rg2 { White is forced to play Rc1, whereupon Kxd7 wins easily and Black
can't even check King!! Ah, Burt, we hardly knew ye! Why didn't you play like
that with the Exemplars??} 0-1

[Event "Aces-Wolverines"]
[Site "?"]
[Date "2002.02.21"]
[Round "?"]
[White "Czerniecki, K."]
[Black "Kratka, Mike"]
[Result "1/2-1/2"]
[WhiteElo "1948"]
[BlackElo "1633"]
[PlyCount "150"]
[EventDate "2002.??.??"]

1. Nf3 Nc6 2. g3 Nf6 3. Bg2 e5 4. d3 d5 5. O-O Bg4 6. h3 Bxf3 7. exf3 Bd6 8.
Nc3 Bb4 9. Ne2 O-O 10. f4 e4 11. c3 Ba5 12. a4 Bb6 13. b4 a5 14. b5 Ne7 15. Ba3
Re8 16. g4 Ng6 17. d4 Nd7 18. Qd2 c5 19. Ng3 Qc7 20. Ne2 Nh4 21. Qe3 f5 22. Qg3
Qd8 23. g5 Ng6 24. h4 Re6 25. h5 Ne7 26. Qe3 Rc8 27. Rac1 Ba7 28. Bh3 b6 29.
Kh1 Qe8 30. Ng3 Qf7 31. Rg1 Bb8 32. Rg2 Bd6 33. Rcg1 cxd4 34. cxd4 g6 35. Bxd6
Rxd6 36. Qa3 Qe6 37. Re1 Rc4 38. f3 Rxd4 39. Rc2 Rd3 40. Rc3 Nc5 41. Bf1 Rxc3
42. Qxc3 Nxa4 43. Qd4 Nc5 44. h6 Qf7 45. fxe4 fxe4 46. Nxe4 Nxe4 47. Rxe4 Nf5
48. Qc3 Ng3+ 49. Qxg3 dxe4 50. Qc3 Kf8 51. Bc4 Qxf4 52. Qh8+ Ke7 53. Qxh7+ Kd8
54. Qg8+ Kc7 55. Qf7+ Qxf7 56. Bxf7 Rd8 57. Bxg6 e3 58. Kg2 Kd6 59. Kf3 Ke5 60.
Kxe3 a4 61. Bb1 a3 62. h7 Rh8 63. g6 Kf6 64. Kf4 Kg7 65. Ke5 Ra8 66. Kd6 Rc8
67. Ke7 Rc5 68. h8=Q+ Kxh8 69. Kf6 Rc7 70. Ba2 Ra7 71. Bf7 Ra8 72. g7+ Kh7 73.
Bg6+ Kh6 74. Bf7 Kh7 75. Bg6+ Kh6 1/2-1/2

[Event "Reader-Aces"]
[Site "?"]
[Date "2002.03.20"]
[Round "?"]
[White "Venske, D."]
[Black "Allen, H."]
[Result "0-1"]
[WhiteElo "1740"]
[BlackElo "1936"]
[PlyCount "76"]
[EventDate "2002.??.??"]

1. e4 c5 2. Nf3 d6 3. d4 cxd4 4. Nxd4 Nf6 5. Nc3 g6 6. Bb5+ Bd7 7. Qe2 Bg7 8.
Be3 Nc6 9. Rd1 O-O 10. Bxc6 bxc6 11. e5 Nd5 12. Nxd5 cxd5 13. exd6 e6 14. O-O
Be5 15. c3 Bxd6 16. f4 Qb8 17. Kh1 a6 18. b3 Qb7 19. Kg1 Rac8 20. Qd3 Bc5 21.
Rf3 Qc7 22. a4 Qd6 23. b4 Ba7 24. a5 Rc4 25. Ne2 Bxe3+ 26. Qxe3 Qc7 27. Rd4 Rc8
28. Rxc4 Qxc4 29. Nd4 Qa2 30. g4 Qb1+ 31. Kf2 e5 32. fxe5 Bxg4 33. Rxf7 Qb2+
34. Kg1 Rxc3 35. Qf2 Qc1+ 36. Qf1 Qe3+ 37. Kh1 Rc1 38. Rf8+ Kg7 0-1

[Event "Aces-Reader"]
[Site "?"]
[Date "2002.03.20"]
[Round "?"]
[White "Frank, M."]
[Black "Sullivan, C."]
[Result "1-0"]
[WhiteElo "1746"]
[BlackElo "1505"]
[PlyCount "195"]
[EventDate "2002.??.??"]

1. e4 e5 2. Nf3 Nc6 3. Bb5 a6 4. Ba4 b5 5. Bb3 Qf6 6. Nc3 Nge7 7. d3 h6 8. O-O
Bb7 9. Re1 Nd4 10. Nd5 Nxd5 11. Nxd4 Nf4 12. Nf3 Bb4 13. c3 Ba5 14. d4 Qg6 15.
Bxf4 exf4 16. Ne5 Qf6 17. Bxf7+ Ke7 18. Qh5 Kd8 19. Qf5 Qxf5 20. exf5 Rf8 21.
Bg6 Bd5 22. f3 Bb6 23. Re2 c5 24. dxc5 Bxc5+ 25. Kh1 Kc7 26. Rd1 Bc6 27. b4 Be3
28. Ng4 Bb6 29. Re7 Rad8 30. Rxg7 a5 31. a3 h5 32. Ne5 h4 33. Rh7 axb4 34. axb4
Rh8 35. Rxh8 Rxh8 36. Nxc6 Kxc6 37. f6 Bc7 38. f7 Be5 39. Bf5 d6 40. Be4+ Kb6
41. Kg1 Rf8 42. Bg6 Kc6 43. Rd3 d5 44. Kf2 Bg7 45. Ke2 Ra8 46. Bf5 Kd6 47. Bg4
Ra2+ 48. Rd2 Ra3 49. Rc2 Ke7 50. Kd3 d4 51. Bh5 Rb3 52. Re2+ Kf6 53. Re8 Kg5
54. f8=Q Bxf8 55. Rxf8 Rxc3+ 56. Kxd4 Rc4+ 57. Kd3 Kxh5 58. Rf5+ Kg6 59. Rxb5
Rc1 60. Rb8 Rb1 61. Ke4 Rb2 62. Kxf4 Kf6 63. g4 Rxh2 64. g5+ Kg6 65. Rb6+ Kg7
66. Rh6 h3 67. b5 Rg2 68. Rxh3 Rb2 69. Rh6 Rxb5 70. Kg4 Rb4+ 71. f4 Kf7 72.
Rf6+ Kg7 73. Rc6 Rb1 74. Rc5 Rb4 75. Kf5 Rb7 76. Re5 Rf7+ 77. Kg4 Rd7 78. f5
Rd4+ 79. Kf3 Ra4 80. Re4 Ra5 81. Kf4 Rb5 82. Re7+ Kf8 83. f6 Rb4+ 84. Kf5 Rb5+
85. Kg6 Rd5 86. Rf7+ Kg8 87. Ra7 Rd8 88. Rg7+ Kh8 89. Rh7+ Kg8 90. f7+ Kf8 91.
Rh8+ Ke7 92. Rxd8 Kxd8 93. f8=Q+ Kd7 94. Qc5 Ke6 95. Kg7 Kd7 96. Qb6 Ke7 97.
Kg6 Ke8 98. Qc7 1-0

[Event "Reader-Aces"]
[Site "?"]
[Date "2002.03.20"]
[Round "?"]
[White "Carter, L."]
[Black "Franek, Marty"]
[Result "0-1"]
[WhiteElo "1510"]
[BlackElo "1716"]
[PlyCount "87"]
[EventDate "2002.??.??"]

1. d4 Nf6 2. Nf3 d5 3. c4 e6 4. c5 c6 5. b4 b6 6. Ne5 Nfd7 7. Bf4 Nxe5 8. Bxe5
f6 9. Bf4 e5 10. dxe5 bxc5 11. exf6 Qxf6 12. Bxb8 Qxa1 13. Bc7 Qd4 14. Nd2 Qxb4
15. e3 Qg4 16. f3 Qe6 17. e4 Bd6 18. Ba5 O-O 19. Be2 Qg6 20. Bf1 Bxh2 21. Qe2
Rb8 22. Bc3 Bf4 23. Qd3 Rb6 24. exd5 Bxd2+ 25. Kxd2 Qg5+ 26. Qe3 Qxe3+ 27. Kxe3
cxd5 28. Bd3 d4+ 29. Bxd4 cxd4+ 30. Kxd4 Rd6+ 31. Kc3 h6 32. Re1 Ba6 33. Be4
Rc8+ 34. Kb4 Kf8 35. g4 Bd3 36. Rd1 Rb6+ 37. Ka5 Rc5+ 38. Ka4 Bxe4 39. fxe4
Rc4+ 40. Ka3 Rxe4 41. Rd7 Ra6+ 42. Kb3 Rxg4 43. Rc7 Rf6 44. Kc3 {
and Black won in 10 more moves} 0-1

[Event "Aces-Reader"]
[Site "?"]
[Date "2002.03.20"]
[Round "?"]
[White "Davidson, M."]
[Black "Marsh , Mike"]
[Result "1-0"]
[WhiteElo "1609"]
[BlackElo "1164"]
[PlyCount "79"]
[EventDate "2002.??.??"]

1. d4 Nf6 2. Nf3 d6 3. Nbd2 g6 4. e4 Bg7 5. Bd3 Bd7 6. O-O 6... O-O { } 7. c3
Re8 8. e5 dxe5 9. Nxe5 Nc6 10. Ndf3 Nxe5 11. Nxe5 { } 11... Be6 12. f4 Nd7 13.
f5 13... Nxe5 { } 14. fxe6 $1 {Things have been fairly close-to-the-vest so
far, but this move immediately wins a piece! Black can't save both the Knight
and protect f7 from the exf7+ Pawn fork.} 14... fxe6 15. dxe5 15... Bxe5 {
White has attacking prospects as well as material threats up the e-file.} 16.
Bh6 Qd6 17. Qf3 Kh8 ({Grabbing the freebie is possible:} 17... Bxh2+ 18. Kh1 (
18. Kf2 18... Qc5+ {preparing a Bishop sac on c3} (18... Qb6+ $2 19. Ke1 Be5 (
19... Qxb2 $4 20. Qf7+ Kh8 21. Bg7#) 20. Qf7+ 20... Kh8 { } 21. Bxg6 $1 21...
hxg6 22. Rh1 {and mate next move}) 19. Ke1 Be5 20. Qf7+ Kh8 21. Bxg6 Bxc3+ 22.
bxc3 22... Qxc3+ { Black keeps Queen on long diagonal and checks King. The
goal is to force the King to h1 so hxBg6 doesn't allow Rh1 mating. A few
examples:} {White's best is} 23. Ke2 {
allowing the Bishops to retreat and maintain pressure to h7} (23. Kd1 $2 23...
Qxa1+ (23... Red8+ 24. Ke2 Rd2+ 25. Bxd2) 24. Kd2 Qb2+ 25. Ke1 (25. Bc2 Red8+
26. Ke1 Qc3+ (26... Qxc2 $4 27. Bg7#) 27. Kf2 Qxc2+ 28. Kg1 Qg6) 25... Qc3+ 26.
Kf2 (26. Bd2 Qg7) 26... Qd4+ 27. Ke2) 23... Qb2+ (23... Qc4+ 24. Bd3 Qg4+ 25.
Kd2) 24. Kf3 { } (24. Bd2 Qg7 (24... hxg6 25. Rh1#)) 24... Qc3+ (24... hxg6 $4
{with idea of Qf6+ forcing off Queens} 25. Rh1 25... Qf6+ $4 26. Bf4+ $1) 25.
Kf2 (25. Be3 $4 25... Rf8) 25... Qd4+ 26. Be3 Qb2+ 27. Kg1 hxg6) 18... Be5 {
Here, Rh1 isn't possible, so the Bxg6 sac doesn't have immediate benefit,
especially since after Kh8 Black has Rg8.}) 18. Rad1 Qb6+ 19. Kh1 Qxb2 20. Bc4
Qxc3 21. Bxe6 Qxf3 22. Rxf3 { Black has 3 solid Pawns for his piece, but a
problem or two remain, specifically the desparate Black King.} 22... Rad8 (
22... c5 23. Rd7 (23. Rc1 b6) 23... b5 24. Rf7 { } 24... Bf6 (24... Bd6 $4 25.
Bg7+ Kg8 26. Rfxe7#)) 23. Rxd8 Rxd8 24. Rf8+ Rxf8 25. Bxf8 {  An interesting
example of how a middlegame advantage lasts right through the endgame!} 25...
b6 {To advance his extra Pawns, Black must safely cross light squares, but his
Bishop cannot help in this task!} (25... Bf6 26. Bh6 Bg7 27. Bf4 { } 27... c6
28. Bc8 b6 29. Bd7 c5 30. Bb8 a5 31. Ba7) (25... Bd6 {
Black wants to activate King with h5, Kh7, and g5} 26. Bh6 c5 27. Bc4 e5 28. g3
28... e4 $2 29. Bd5 e3 30. Bxe3 Kg7 (30... b6 31. Bh6) 31. Bxb7) 26. Bxe7 26...
Kg7 { } 27. Bh4 (27. g3 {and advance King to c6 or d5. The goal is to force
Bd6 and attack the base of Black's Pawns.}) 27... c5 28. Kg1 28... a5 $2 29.
Bd8 b5 30. Bxa5 b4 31. Bb3 31... Kf6 { } 32. Bd8+ Kf5 33. Bh4 h6 34. Bf2 { }
34... Bd4 {
No way to draw with this move, Black will eventually run out of Pawn moves.} (
34... Bd6 35. Kf1 { } 35... g5 (35... Bxh2 $2 36. g3 Kg4 37. Kg2) 36. Ke2 (36.
g3 Be7 (36... Kg4 37. Kg2) (36... g4 {
Puts the Pawn on a square his Bishop can't protect}) 37. Ke2 Ke4 38. Bc2+ {
The principle of "the two weaknesses" is evident: 1) White escorts the King
to c4, and the attack to the c5-Pawn will completely tie Black up. 2) is
illustrated by the following:} 38... Ke5 39. Kd3 Kd5 40. Bb3+ Kd6 41. g4 {
with idea of Bg3+, Ke4-f5-g6}) 36... Ke4 37. Bc2+ {is similar}) 35. Bxd4 cxd4
36. Kf2 Ke4 37. Ke2 37... g5 { } 38. Bc2+ (38. g4 Kf4 39. Be6 Ke4 40. Bf5+ Kf4
41. Kd3 Kf3 42. Kxd4 Kg2 43. Kc4) (38. g3 h5 39. h3 g4 40. hxg4 hxg4 41. Bc4)
38... Kd5 (38... Ke5 39. Kd3 Kd5 40. Bb3+ Ke5 41. Kc4) 39. Kd3 h5 40. Bb3+ {
The White King goes the opposite direction his counterpart does.} 1-0

[Event "Excaliburs-Knights"]
[Site "?"]
[Date "2002.04.03"]
[Round "?"]
[White "Inumerable, Florin"]
[Black "Fridman, Yuri"]
[Result "1/2-1/2"]
[WhiteElo "2292"]
[BlackElo "2039"]
[PlyCount "112"]
[EventDate "2002.??.??"]

1. d4 Nf6 2. c4 g6 3. Nc3 d5 4. Nf3 Bg7 5. Bf4 c5 6. dxc5 Qa5 7. Qa4+ Qxa4 8.
Nxa4 dxc4 9. e3 Bd7 10. Nc3 Na6 11. Bxc4 Nxc5 12. Ne5 O-O 13. Nxd7 Ncxd7 14.
Rd1 Rac8 15. Be2 Nc5 16. O-O Rfd8 17. Bf3 Nd3 18. Bxb7 Nxb2 19. Rxd8+ Rxd8 20.
Nb5 Nd5 21. Bg3 Nc3 22. Nxc3 Bxc3 23. h3 a5 24. Rc1 Rd1+ 25. Rxd1 Nxd1 26. a4
Bb4 27. Bc6 Nc3 28. Be5 f6 29. Bc7 e6 30. Kf1 Kf7 31. f3 Ke7 32. Kf2 Kf7 33. g4
Ke7 34. h4 h6 35. Kg2 Nd1 36. Bb6 Bd2 37. e4 Bb4 38. Bd4 e5 39. Bb6 Nb2 40. Bb5
Nd1 41. Ba7 Nc3 42. Bc6 Ne2 43. Be3 Nf4+ 44. Kf1 g5 45. hxg5 hxg5 46. Bb5 Ne6
47. Bb6 Nd4 48. Be2 Nb3 49. Bd1 Nc5 50. Ke2 Kd7 51. Bc2 Ke7 52. Kd1 Kd7 53. Kc1
Ne6 54. Kb2 Kc6 55. Be3 Nc5 56. Bb3 Kd6 1/2-1/2

[Event "Knights-Excaliburs"]
[Site "?"]
[Date "2002.04.04"]
[Round "?"]
[White "Thomson, Jim"]
[Black "Friske, Tom"]
[Result "0-1"]
[WhiteElo "1966"]
[BlackElo "2006"]
[PlyCount "70"]
[EventDate "2002.??.??"]

1. e4 e6 2. d4 d5 3. Nd2 Nf6 4. e5 Nfd7 5. Bd3 c5 6. c3 Nc6 7. Ne2 Qb6 8. Nf3
f6 9. exf6 gxf6 10. Nf4 Ne7 11. Qe2 Kf7 12. O-O Bg7 13. Nh5 Nf8 14. Nxg7 Kxg7
15. dxc5 Qxc5 16. Be3 Qd6 17. Rad1 e5 18. Rfe1 Nfg6 19. Bb1 Qc6 20. Bc2 b5 21.
Bb3 Bb7 22. Qc2 Rac8 23. a4 b4 24. Rc1 bxc3 25. bxc3 Rc7 26. Bxa7 Rhc8 27. a5
Qxc3 28. Qxc3 Rxc3 29. Rxc3 Rxc3 30. Rb1 Ba6 31. Bb6 Bd3 32. Ra1 Rxb3 33. Nd2
Rb2 34. Nf3 Kf7 35. Ne1 35... Ba6 {White flagged} 0-1

[Event "Excaliburs-Knights"]
[Site "?"]
[Date "2002.04.04"]
[Round "?"]
[White "Sollano, Ely"]
[Black "Augsburger, Len"]
[Result "1/2-1/2"]
[WhiteElo "1983"]
[BlackElo "1698"]
[PlyCount "114"]
[EventDate "2002.??.??"]

1. Nf3 d5 2. c4 Nf6 3. g3 Bf5 4. cxd5 Nxd5 5. Bg2 e6 6. O-O Be7 7. d3 Bg6 8.
Nbd2 O-O 9. a3 c5 10. Nc4 Nd7 11. Bd2 Rc8 12. Qb1 b5 13. Nce5 c4 14. Nxg6 hxg6
15. dxc4 Rxc4 16. Rc1 Qc7 17. Rxc4 Qxc4 18. e4 N5f6 19. Ng5 Nc5 20. Bf1 Qa4 21.
Bb4 Re8 22. Bxc5 Bxc5 23. b4 Bd4 24. Ra2 Rc8 25. Qd3 e5 26. Kg2 a6 27. Rd2 a5
28. f4 axb4 29. axb4 Kf8 30. fxe5 Bxe5 31. Nf3 Qa1 32. Be2 Qc3 33. Nxe5 Qxe5
34. Bf3 Qe7 35. Qxb5 Nxe4 36. Ra2 Nc3 37. Qa6 Rd8 38. Rb2 Nd1 39. Bxd1 Rxd1 40.
Re2 Qd8 41. Qc6 Qd5+ 42. Qxd5 Rxd5 43. Rb2 Rb5 44. Kf3 Ke7 45. Ke3 Kd7 46. Kd4
Kc7 47. Kc4 Kc6 48. Rb3 Re5 49. Rd3 f5 50. Rd4 g5 51. h4 gxh4 52. Rxh4 Re3 53.
Rh5 Rxg3 54. Rxf5 Rg4+ 55. Kb3 g5 56. Ka4 Rg1 57. Rf6+ Kb7 1/2-1/2

[Event "Knights-Excaliburs"]
[Site "?"]
[Date "2002.04.04"]
[Round "?"]
[White "Balicki, Jeff"]
[Black "Kogan, Grig"]
[Result "0-1"]
[WhiteElo "1711"]
[BlackElo "1815"]
[PlyCount "122"]
[EventDate "2002.??.??"]

1. e4 e5 2. Nf3 Nc6 3. g3 Nf6 4. d3 Bc5 5. Be3 Bxe3 6. fxe3 d6 7. Nc3 Bg4 8.
Be2 O-O 9. h3 Be6 10. Qd2 a6 11. d4 Bd7 12. g4 b5 13. Bd3 Re8 14. O-O-O b4 15.
Nd5 exd4 16. Nxd4 Nxe4 17. Qg2 Nc5 18. Rhf1 Nxd4 19. exd4 Nxd3+ 20. Rxd3 Bb5
21. Nxb4 Bxd3 22. Nxd3 Rb8 23. Qd5 Qe7 24. Qc6 Qe3+ 25. Kb1 Qe2 26. Qh1 Qe4 27.
d5 Qxh1 28. Rxh1 Re3 29. b3 a5 30. Kc1 Rbe8 31. Kb2 g5 32. Ka3 Re2 33. c4 Rd2
34. Nc1 Re3 35. Ka4 Rc3 36. a3 Rdc2 37. Kxa5 Rxc1 38. Rxc1 Rxc1 39. Kb5 Rc3 40.
Kc6 Rxb3 41. Kxc7 Rxa3 42. Kxd6 Kf8 43. c5 Ke8 44. Kc7 f6 45. d6 Ra7+ 46. Kc6
Kd8 47. Kd5 Ra5 48. Kc6 Ra3 49. Kd5 Ra5 50. Kc6 Ra1 51. Kd5 Rd1+ 52. Ke6 Rc1
53. c6 Rxc6 54. Kxf6 Rxd6+ 55. Kxg5 Ke7 56. Kh5 Kf7 57. Kg5 Kg7 58. h4 h6+ 59.
Kf5 Ra6 60. g5 hxg5 61. Kxg5 Ra5+ 0-1

[Event "Knights-Excaliburs"]
[Site "?"]
[Date "2002.04.04"]
[Round "?"]
[White "Marshall, Kevin"]
[Black "Suerth, Frank"]
[Result "1-0"]
[WhiteElo "1351"]
[BlackElo "1530"]
[PlyCount "67"]
[EventDate "2002.??.??"]

1. d4 d5 2. c4 Nc6 3. cxd5 Qxd5 4. e3 Nf6 5. Nc3 Qd7 6. Nf3 e6 7. a3 a6 8. Bd3
b5 9. O-O Bb7 10. Ne4 Nd5 11. Ne5 Nxe5 12. dxe5 g6 13. Qc2 Bg7 14. Nc5 Qc6 15.
Nxb7 Qxb7 16. f4 Qb6 17. Qe2 O-O 18. Kh1 Rad8 19. Bd2 f6 20. e4 Ne7 21. Be3 Qc6
22. Rac1 Qd7 23. Rcd1 fxe5 24. Bb1 Qe8 25. Rxd8 Qxd8 26. Rd1 Qe8 27. fxe5 Bxe5
28. Bh6 Rf7 29. Ba2 Nc8 30. Qg4 Kh8 31. Bxe6 Rf4 32. Bxf4 Bxf4 33. Qxf4 Nd6 34.
Qf6# 1-0

[Event "ECC-CICL"]
[Site "?"]
[Date "2002.01.27"]
[Round "?"]
[White "Hart, Vince"]
[Black "Friske, Tom"]
[Result "1-0"]
[WhiteElo "1870"]
[BlackElo "2000"]
[PlyCount "86"]
[EventDate "2002.??.??"]

1. c4 Nf6 2. g3 d5 3. cxd5 Nxd5 4. Bg2 c6 5. Nc3 Nb6 6. Nf3 g6 7. O-O Bg7 8. d3
O-O 9. Rb1 a5 10. Be3 Be6 11. Qc2 Na6 12. a3 Nd5 13. Nxd5 Bxd5 14. b4 axb4 15.
axb4 Qd7 16. Bc5 Nc7 17. e4 Be6 18. Ng5 Nb5 19. Nxe6 Qxe6 20. Qc4 Qd7 21. Rbd1
Nd4 22. Kh1 Ra6 23. f4 b6 24. Qxa6 bxc5 25. bxc5 e5 26. f5 gxf5 27. Bh3 Qe7 28.
Bxf5 Qxc5 29. Qc4 Qe7 30. Rb1 Bh6 31. Qb4 c5 32. Qb3 Kg7 33. Qb7 Qxb7 34. Rxb7
Be3 35. Rc7 Nc2 36. Be6 Nb4 37. Rfxf7+ Rxf7 38. Bxf7 Kf6 39. Bc4 h6 40. Kg2 Nc2
41. h4 Ne1+ 42. Kh3 Bg1 43. Rf7+ Kg6 1-0

[Event "Tyros-Fermiab"]
[Site "?"]
[Date "2002.04.02"]
[Round "?"]
[White "Diaz, Pablo"]
[Black "Bezzubov, V."]
[Result "1/2-1/2"]
[WhiteElo "1981"]
[BlackElo "2277"]
[PlyCount "87"]
[EventDate "2002.??.??"]

1. e4 e5 2. Bc4 d6 3. Nf3 Be7 4. c3 Nf6 5. Qe2 O-O 6. O-O Bg4 7. h3 Bxf3 8.
Qxf3 c6 9. d3 Nbd7 10. Nd2 Qc7 11. Rd1 Rad8 12. Nf1 Nc5 13. Bg5 Nd5 14. Bxe7
Nxe7 15. b4 Nd7 16. Ne3 Nf6 17. Ng4 Nxg4 18. hxg4 d5 19. Bb3 Rd6 20. Rac1 Rfd8
21. g3 Qd7 22. Qe2 d4 23. c4 Rg6 24. Kg2 Qxg4 25. Qxg4 Rxg4 26. c5 Rg6 27. Rh1
h6 28. Rh5 Rg5 29. Rch1 Rxh5 30. Rxh5 Ng6 31. Rf5 Rd7 32. Kh3 Kf8 33. Kg4 f6
34. Rh5 Ke7 35. Rh1 Nf8 36. Kh5 Kd8 37. Bg8 Kc7 38. Rc1 Re7 39. Rc2 Rd7 40. Rc1
Re7 41. Rc2 Re8 42. Bf7 Re7 43. Bg8 Rd7 44. Rc1 1/2-1/2

[Event "Fermilab-Tyros"]
[Site "?"]
[Date "2002.04.02"]
[Round "?"]
[White "Gaines, Irwin"]
[Black "Buchner, Bob"]
[Result "1/2-1/2"]
[WhiteElo "1777"]
[BlackElo "1755"]
[PlyCount "65"]
[EventDate "2002.??.??"]

1. d4 Nf6 2. c4 e6 3. Nf3 d5 4. Nc3 g6 5. cxd5 exd5 6. Bg5 Bg7 7. e3 O-O 8. Bd3
c6 9. O-O Nbd7 10. a4 a5 11. Qc2 Re8 12. Rac1 Nf8 13. Ne5 Ne6 14. f4 Qc7 15.
Bxf6 Bxf6 16. Nxd5 cxd5 17. Qxc7 Nxc7 18. Rxc7 Re7 19. Rfc1 Rxc7 20. Rxc7 Bxe5
21. dxe5 Rb8 22. Bb5 Bf5 23. Bd7 Be4 24. e6 fxe6 25. Bxe6+ Kh8 26. g4 Re8 27.
Rc8 Rxc8 28. Bxc8 b6 29. f5 gxf5 30. gxf5 Kg7 31. Kf2 Kf6 32. Ke2 Bxf5 33. Bxf5
1/2-1/2

[Event "Tyros-Fermilab"]
[Site "?"]
[Date "2002.04.02"]
[Round "?"]
[White "Smith, Brian"]
[Black "Gomez, Gerrasio"]
[Result "1/2-1/2"]
[WhiteElo "1623"]
[BlackElo "1722"]
[PlyCount "112"]
[EventDate "2002.??.??"]

1. b3 e5 2. Bb2 Nc6 3. e3 d6 4. Bb5 a6 5. Bxc6+ bxc6 6. Ne2 Nf6 7. O-O Be7 8.
d4 e4 9. f3 exf3 10. Rxf3 O-O 11. Nd2 d5 12. c4 Bd7 13. Qc2 Bg4 14. Rf2 Bh5 15.
Ng3 Bg6 16. Qc1 Bd6 17. Ndf1 Ng4 18. Re2 Qh4 19. Ba3 Bd3 20. Bxd6 Bxe2 21. Bxf8
Bxf1 22. Nxf1 Qf2+ 23. Kh1 Kxf8 24. cxd5 cxd5 25. Qc5+ Kg8 26. Qxd5 Re8 27. Qd7
Nf6 28. Qxc7 g6 29. Qc6 Re6 30. Qf3 Qc2 31. Qd1 Rc6 32. d5 Qxd1 33. Rxd1 Rd6
34. Kg1 Rxd5 35. Rxd5 Nxd5 36. Kf2 f5 37. Nd2 Kf7 38. e4 fxe4 39. Nxe4 Nb4 40.
a3 Nc2 41. Nd6+ Ke6 42. Nc4 Nd4 43. b4 Kd5 44. Ne3+ Ke4 45. a4 Nc6 46. b5 Nb8
47. bxa6 Nxa6 48. Ng4 h5 49. Ne3 Nc5 50. a5 Nd3+ 51. Ke2 Nc5 52. Nc4 Kd4 53.
Nd2 Ke5 54. Ke3 g5 55. Nf3+ Kf5 56. Kd4 Nb3+ 1/2-1/2

[Event "Fermilab-Tyros"]
[Site "?"]
[Date "2002.04.02"]
[Round "?"]
[White "Staples, Carl"]
[Black "Karpierz, Joe"]
[Result "1-0"]
[WhiteElo "1591"]
[BlackElo "1270"]
[PlyCount "83"]
[EventDate "2002.??.??"]

1. c4 e5 2. g3 Nf6 3. Bg2 Bc5 4. Nc3 O-O 5. e3 Re8 6. Nge2 a6 7. a3 c6 8. O-O
d5 9. cxd5 cxd5 10. d4 exd4 11. Nxd4 Nc6 12. b4 Bb6 13. Bb2 Nxd4 14. exd4 Bf5
15. Re1 Qd7 16. Na4 Ba7 17. Nc5 Qc6 18. Rc1 Rxe1+ 19. Qxe1 Bxc5 20. dxc5 Re8
21. Qd2 Ne4 22. Qd4 Nf6 23. Rd1 Be4 24. f3 Bf5 25. g4 Be6 26. g5 Nh5 27. Qh4 g6
28. Qd4 Kf8 29. f4 Bg4 30. Qh8+ Ke7 31. Re1+ Be6 32. Qe5 Kd8 33. Bf3 Qc7 34.
Qxc7+ Kxc7 35. Bxd5 Nxf4 36. Be5+ Kd7 37. Bxb7 Nh3+ 38. Kg2 Nxg5 39. Bxa6 Bd5+
40. Kf1 Nf3 41. Bb5+ Kd8 42. Bf6+ 1-0

[Event "Kings-Kemper"]
[Site "?"]
[Date "2002.04.04"]
[Round "?"]
[White "Melnikov, Ivor"]
[Black "Siwek, Mark"]
[Result "1/2-1/2"]
[WhiteElo "2015"]
[BlackElo "1984"]
[PlyCount "23"]
[EventDate "2002.??.??"]

1. d4 Nf6 2. c4 e5 3. dxe5 Ng4 4. Bf4 Nc6 5. Nf3 Bb4+ 6. Nc3 Qe7 7. Qd5 Bxc3+
8. bxc3 Qa3 9. Rc1 Qxa2 10. h3 Nh6 11. e4 Ng8 12. Ng5 1/2-1/2

[Event "Kemper-Kings"]
[Site "?"]
[Date "2002.04.04"]
[Round "?"]
[White "Leong, Gee"]
[Black "Wallach, Cliff"]
[Result "0-1"]
[WhiteElo "1974"]
[BlackElo "2005"]
[PlyCount "48"]
[EventDate "2002.??.??"]

1. c4 c6 2. Nf3 d5 3. e3 Nf6 4. d4 e6 5. Nbd2 Bd6 6. Bd3 O-O 7. O-O Nbd7 8. Re1
Re8 9. e4 dxe4 10. Nxe4 Nxe4 11. Bxe4 e5 12. Qc2 h6 13. Be3 exd4 14. Bxd4 Nf6
15. Bxf6 Qxf6 16. Rad1 Bg4 17. h3 Bxf3 18. Bxf3 Qf4 19. Kf1 Qh2 20. Re4 f5 21.
Re3 Bc5 22. Qxf5 Bxe3 23. fxe3 Rxe3 24. Kf2 Rxf3+ 0-1